Internet vecí - súčasť štvrtej priemyselnej revolúcie diplomová práca

Enregistré dans:
Détails bibliographiques
Auteur principal: Brankovič, Jozef
Collectivité auteur: Fakulta hospodárskej informatiky EU. Katedra aplikovanej informatiky
Autres auteurs: Cárachová, Magdaléna
Format: Livre
Langue:slovaque
Publié: Bratislava 2018
Tags: Ajouter un tag
Pas de tags, Soyez le premier à ajouter un tag!

MARC

LEADER 00000nbm a2200000 4500
001 0245200
005 20181016144937.5
041 0 |a slo 
044 |a SK 
245 1 0 |a Internet vecí - súčasť štvrtej priemyselnej revolúcie  |b diplomová práca  |c Jozef Brankovič ; školiteľ: Magdaléna Cárachová 
264 1 |a Bratislava  |c 2018 
300 |a 93 s. 
100 1 |a Brankovič, Jozef 
700 1 |a Cárachová, Magdaléna 
710 2 |a Fakulta hospodárskej informatiky EU. Katedra aplikovanej informatiky